000 00941cab a2200253 4500
001 ABS37948
008 090401t1987 xxu||||| |||| 00| 0 eng d
035 _a(Sirsi) u7749
041 _aeng
100 _aWagner, M.
245 _aNew ideas for farm b-and-b
260 _c1987
350 _a0
490 _aCountryland
_vJune 1987, 21-22(2)
520 _aThe economic importance of farm bed-and-breakfast is increasing. Improved and profitable ways of advertising and providing farm accommodation for visitors are described with the aid of area case studies. The biggest potential growth area is the business trade, particularly for farms near cities, airports, industrial development, exhibition centres and showgrounds.
650 _aALTERNATIVE USES
650 _aDIVERSIFICATION
650 _aFARMLAND
650 _aRURAL ENTERPRISE
650 _aTOURISM
690 _aRURAL PRACTICE
942 _n0
948 _c04/03/1997
999 _c4714
_d4714